[Event "Rio Grande op 22nd"]
[Site "Rio Grande"]
[Date "2022.10.20"]
[Round "3"]
[White "Schualle, Sergio Damian"]
[Black "Fernandez, Leandro Daniel"]
[Result "1-0"]
[WhiteElo "1931"]
[BlackElo "1672"]
[PlyCount "59"]
[EventDate "2022.10.19"]
[EventType "swiss"]
[EventRounds "7"]
[EventCountry "ARG"]
[SourceTitle "EXT 2024"]
[Source "ChessBase"]
[SourceDate "2023.10.10"]
[SourceVersion "1"]
[SourceVersionDate "2023.10.10"]
[SourceQuality "1"]

1. e4 e6 2. d4 d5 3. Nc3 Bb4 4. e5 c5 5. a3 Bxc3+ 6. bxc3 Ne7 7. Qg4 Qc7 8. Qxg7 Rg8 9. Qxh7 cxd4 10. Ne2 Nbc6 11. f4 Bd7 12. h4 0-0-0 13. Qd3 dxc3 14. h5 d4 15. Rg1 Nf5 16. g4 Ne3 17. Bxe3 dxe3 18. Qxe3 a6 19. Qxc3 Be8 20. Rg3 Kb8 21. Bg2 Qe7 22. Rb1 Ka8 23. g5 Qf8 24. Qb2 b5 25. c4 Rb8 26. cxb5 Rxb5 27. Rb3 Qc5 28. Rxb5 Qxb5 29. Qxb5 axb5 30. Rc1 1-0